Welding technology (Record no. 25531)

000 -LEADER
fixed length control field 00467nam a22001931 4500
001 - CONTROL NUMBER
control field 25531
003 - CONTROL NUMBER IDENTIFIER
control field BD-DhUET
008 - FIXED-LENGTH DATA ELEMENTS--GENERAL INFORMATION
fixed length control field 780811s1966 enka b 000 0 eng
040 ## - CATALOGING SOURCE
Original cataloging agency DLC
Transcribing agency NcRS
Modifying agency BD-DhUET
082 ## - DEWEY DECIMAL CLASSIFICATION NUMBER
Classification number 671.52
Item number KOE/1966
100 1# - MAIN ENTRY--PERSONAL NAME
Personal name Koenigsberger, F.
245 10 - TITLE STATEMENT
Title Welding technology
250 ## - EDITION STATEMENT
Edition statement 3rd ed.
260 ## - PUBLICATION, DISTRIBUTION, ETC. (IMPRINT)
Place of publication, distribution, etc. Toronto
Name of publisher, distributor, etc. Macmillan
Date of publication, distribution, etc. 1966
300 ## - PHYSICAL DESCRIPTION
Extent viii, 424 p.
Other physical details illus.
Dimensions 23 cm.
650 #0 - SUBJECT ADDED ENTRY--TOPICAL TERM
Topical term or geographic name as entry element Welding
700 ## - ADDED ENTRY--PERSONAL NAME
Personal name Adair, J. R.
942 ## - ADDED ENTRY ELEMENTS (KOHA)
Koha item type General Book
Holdings
Withdrawn status Date acquired Koha full call number Damaged status Price effective from Copy number Koha item type Shelving location Koha normalized classification for sorting Location (home branch) Koha date last seen Not for loan Sublocation or collection (holding branch) Lost status Source of classification or shelving scheme Piece designation (barcode)
 2015-05-14671.52/KOE/1966 2015-05-141General BookCirculation section671_520000000000000_KOE_1966Central Library, BUET2017-04-22 Central Library, BUET  11077
 2015-05-20671.52/KOE/1966 2015-05-202General BookCirculation section671_520000000000000_KOE_1966Central Library, BUET2015-05-20 Central Library, BUET  11075
 2015-05-20671.52/KOE/1966 2015-05-203General BookCirculation section671_520000000000000_KOE_1966Central Library, BUET2015-05-20 Central Library, BUET  20199